00446nam a2200193Ia 4500003000900000008004100009040001300050040001300063041000800076100002000084245001400104250001100118260001200129260000900141300001100150300001000161490007500171490000600246IT-RoPAU120407s9999 xx 000 0 und d aIT-RoPAU cIT-RoPAU aita aPaolo Villaggio aFantozzi. aMilano aRizzoli c1984 a185 p. c18 cm a"Supplemento a “Oggi”, i cinque volti del romanzo: la risata; Bur" v1